000
00292nam a22001337a 4500
008
170425b xxu||||| |||| 00| 0 eng d
020
_a
9780030244278
041
_a
eng
080
_2
4 ED
_a
54
100
_a
12
101
_a
SHM
245
_a
MODERN CHEMISTRY
_c
OXTOBY.D.E
942
_2
udc
_c
BK
999
_c
11910
_d
11910